000 02004nam a2200265Ia 4500
005 20230130091744.0
008 130821s2004 xxu gs eng
040 _aCo-BoUCM
_bspa
_cDeissy Garcia (modificó)
_d[Nuevo]
041 0 0 _aeng
092 _aDVD 0657
245 0 0 _aEternal sunshine of the spotless mind
_cdirección Michel Gondry
_h[DVD]
260 _aWashington D.C. (Estados Unidos)
_bFocus Features
_c2004
300 _a1 DVD
508 _aDIRECTOR Michel Gondry ; GUIÓN Charlie Kaufman (Historia: Charlie Kaufman, Michel Gondry, Pierre Bismuth) ; FOTOGRAFÍA Ellen Kuras
511 _aJim Carrey, Kate Winslet, Kirsten Dunst, Mark Ruffalo, Elijah Wood, Tom Wilkinson, Thomas Jay Ryan, Gerry Robert Byrne, Jane Adams, David Cross, Ryan Whitney
520 _aJoel (Jim Carrey) se queda asombrado y aturdido cuando se entera de que su novia Clementine (Kate Winslet) ha borrado de su cerebro los recuerdos de su tumultuosa relación. Desesperado, Joel se pone en contacto con el inventor del proceso, el doctor Howard Mierzwiak (Tom Wilkinson) para eliminar cualquier recuerdo de Clementine de su propia memoria. Pero resulta que, mientras los recuerdos desaparecen, renace en Joel su pasión inicial.
546 _aAudio en inglés y francés ; subtítulos español, francés
586 _a2004: 1 Oscar: Mejor guión original. 2 nominaciones 2004: 4 nominaciones al Globo de Oro, incluyendo mejor película comedia o musical 2004: BAFTA: Mejor montaje, guión original. 6 nominaciones 2004: Nominada al Cesar: Mejor película extranjera 2004: National Board of Review: Mejor guión original (Charlie Kaufman) 2004: Toronto: Mejor director (Michel Gondry), guión original
650 0 4 _aAmor en el cine
_vDVD
_957043
650 0 4 _aEntretenimiento
_926487
650 0 4 _aMemoria
_vDVD
_919277
700 1 _9176651
_aGondry, Michel
_edirector
856 0 4 _uhttp://www.youtube.com/watch?v=lnSgSe2GzDc
_zSiga este vínculo para ver el trailer.
942 _cMULTIMEDIA
_2LOCAL
_a11
_e1
_h
_m
_n0
999 _c70184
_d70184